书目信息 |
| 书名: | Logic & Philosophy | |
| 作者: | Tidman, Paul and Howard Kahnae. | |
| 分册号: | ||
| 分册名: | 出版地: | Pacific Grove : |
|
| 出版社: | Duxbury Press | |
| 出版时间: | 1999. | |
| 页数: | 464 p. ; | |
| 开本: | 23cm. | |
| 丛书名: | ||
| 中图分类号: | ||
| 科图分类号: | ||
| 其他分类号: | B81 | |
| 主题词: | ||
| 电子资源: | ||
| 000 | 00455nam 2200157 a 4500 | |
| 001 | E0456004501 | |
| 005 | 2004122215332433 | |
| 008 | 041222s1999 00010 eng | |
| 020 | @a0-5345-2614-4 :@cCNY 12.00. | |
| 040 | @aPFT@beng | |
| 090 | @aB81 | |
| 099 | @dB81@eT558 | |
| 245 | @aLogic & Philosophy :@bA Modern Introduction / @cTidman, Paul and Howard Kahnae. | |
| 250 | @a8th ed. | |
| 260 | @aPacific Grove :@bDuxbury Press,@c1999. | |
| 300 | @a464 p. ;@c23cm. | |
| Logic & Philosophy : : A Modern Introduction / / Tidman, Paul and Howard Kahnae.-8th ed.-Pacific Grove : : Duxbury Press, , 1999. |
| 464 p. ; ; 23cm. |
| ISBN 0-5345-2614-4 :CNY 12.00. |
| ● |
| 相关链接 |
|
|
|
正题名:Logic & Philosophy
索取号:B81/T558
 
预约/预借
| 序号 | 登录号 | 条形码 | 馆藏地/架位号 | 状态 | 备注 |
| 1 | 04993 | 300049935 | 社科库509/509社科库 129排1列2层/ [索取号:B81/T558] | 在馆 |